The Qanun-E-Shahdat Order, 1984: (Record no. 613301)

000 -LEADER
fixed length control field 00393nam a22001337a 4500
082 ## - DEWEY DECIMAL CLASSIFICATION NUMBER
Classification number 347.4206
Author Mark MUS
100 ## - MAIN ENTRY--PERSONAL NAME
Personal name Mushtaq, Mian Imran
245 ## - TITLE STATEMENT
Title The Qanun-E-Shahdat Order, 1984:
Remainder of title [10 of 1984] /
Statement of responsibility, etc. Mian Imran Mushtaq
260 ## - PUBLICATION, DISTRIBUTION, ETC.
Place of publication, distribution, etc. Lahore :
Name of publisher, distributor, etc. Irfan Law Book House,
Date of publication, distribution, etc. 2023.
300 ## - PHYSICAL DESCRIPTION
Extent 75 p.
563 ## - BINDING INFORMATION
Binding note HB.
650 ## - SUBJECT ADDED ENTRY--TOPICAL TERM
Topical term or geographic name entry element Law, Qanun e Shahdat Order, 1984
942 ## - ADDED ENTRY ELEMENTS (KOHA)
Source of classification or shelving scheme
Koha item type Book
650 ## - SUBJECT ADDED ENTRY--TOPICAL TERM
-- 128280
Holdings
Withdrawn status Lost status Source of classification or shelving scheme Damaged status Not for loan Permanent Location Current Location Date acquired Total Checkouts Full call number Barcode Checked out Date last seen Date last checked out Price effective from Koha item type
          NUST Law School (NLS) NUST Law School (NLS) 03/13/2025 1 347.4206 MUS NLS-1221 10/31/2025 10/01/2025 10/01/2025 03/13/2025 Book
          NUST Law School (NLS) NUST Law School (NLS) 03/13/2025   347.4206 MUS NLS-1222   03/13/2025   03/13/2025 Book
          NUST Law School (NLS) NUST Law School (NLS) 03/13/2025   347.4206 MUS NLS-1223   03/13/2025   03/13/2025 Book
          NUST Law School (NLS) NUST Law School (NLS) 03/13/2025   347.4206 MUS NLS-1224   03/13/2025   03/13/2025 Book
          NUST Law School (NLS) NUST Law School (NLS) 06/28/2025   347.4206 MUS NLS-2546   06/28/2025   06/28/2025 Book
          NUST Law School (NLS) NUST Law School (NLS) 06/28/2025   347.4206 MUS NLS-2547   06/28/2025   06/28/2025 Book
          NUST Law School (NLS) NUST Law School (NLS) 06/28/2025   347.4206 MUS NLS-2548   06/28/2025   06/28/2025 Book
          NUST Law School (NLS) NUST Law School (NLS) 06/28/2025 1 347.4206 MUS NLS-2549 11/28/2025 10/29/2025 10/29/2025 06/28/2025 Book
© 2023 Central Library, National University of Sciences and Technology. All Rights Reserved.